[Event "Bad Woerishofen op"]
[Site "?"]
[Date "2000.??.??"]
[Round "3"]
[White "Wunderer, Eckart"]
[Black "Schneider, Miloca"]
[Result "1-0"]
[WhiteElo "2106"]
[BlackElo "1780"]
[Annotator "ChessOrg"]
[PlyCount "85"]
[EventDate "2000.??.??"]
[Source "ChessBase"]
[SourceDate "1998.04.29"]

1. e4 d5 2. Nc3 c6 3. d4 e6 4. Nf3 Bb4 5. Bd3 dxe4 6. Bxe4 Nf6 7. Bd3 Nd5 8.
Bd2 Nd7 9. O-O Nxc3 10. bxc3 Be7 11. Qe2 Nf6 12. Ne5 O-O 13. Rfd1 c5 14. dxc5
Qd5 15. c6 Bd6 16. Bf4 Qc5 17. Nd7 Bxd7 18. Bxd6 Qxc6 19. Bxf8 Rxf8 20. c4 b6
21. h3 Bc8 22. Qe5 Bb7 23. Bf1 Ne4 24. f3 f6 25. Qd4 Nc5 26. Bd3 Qe8 27. Qh4 f5
28. Be2 h6 29. Rd6 Qa4 30. Bd3 Qb4 31. Rd8 Qc3 32. Rxf8+ Kxf8 33. Qd8+ Kf7 34.
Rd1 Qe5 35. Qh4 Qb2 36. a4 Qa3 37. Qd4 Qxa4 38. Ra1 Qb4 39. Rxa7 Qe1+ 40. Bf1
Kg6 41. Qf2 Qb4 42. Qg3+ Kf6 43. Qc7 1-0

[Event "Bad Woerishofen op"]
[Site "?"]
[Date "2000.??.??"]
[Round "5"]
[White "Wunderer, Eckart"]
[Black "Scheerer, Helmut"]
[Result "1/2-1/2"]
[WhiteElo "2106"]
[BlackElo "1840"]
[Annotator "ChessOrg"]
[PlyCount "52"]
[EventDate "2000.??.??"]
[Source "ChessBase"]
[SourceDate "1998.04.29"]

1. d4 Nf6 2. Nf3 e6 3. Bf4 b6 4. e3 Bb7 5. Bd3 Be7 6. Nbd2 d5 7. Ne5 O-O 8. Qf3
Nbd7 9. g4 c5 10. c3 Rc8 11. g5 Nxe5 12. Bxe5 Ne4 13. Nxe4 dxe4 14. Bxe4 Bxe4
15. Qxe4 Bxg5 16. h4 Bf6 17. O-O-O Qe7 18. Rdg1 cxd4 19. Bxd4 Bxd4 20. Qxd4 f6
21. Qg4 Rc5 22. h5 Rg5 23. Qh4 Rxg1+ 24. Rxg1 h6 25. Qe4 Kh8 26. Qg4 Rd8
1/2-1/2

[Event "Bad Woerishofen op"]
[Site "?"]
[Date "2000.??.??"]
[Round "7"]
[White "Wunderer, Eckart"]
[Black "Ruth, Walter"]
[Result "1-0"]
[WhiteElo "2106"]
[BlackElo "1859"]
[Annotator "ChessOrg"]
[PlyCount "59"]
[EventDate "2000.??.??"]
[Source "ChessBase"]
[SourceDate "1998.04.29"]

1. e4 c5 2. c3 d6 3. d4 Nc6 4. Nf3 Bg4 5. d5 Bxf3 6. Qxf3 Ne5 7. Qg3 a6 8. f4
Ng6 9. Be2 h5 10. c4 Qc7 11. Bd2 Nf6 12. Nc3 Nd7 13. Bd3 h4 14. Qg4 Nf6 15. Qe2
Nd7 16. a3 O-O-O 17. b4 Re8 18. O-O e6 19. dxe6 fxe6 20. e5 Ne7 21. exd6 Qxd6
22. Ne4 Qc7 23. Ng5 Nf5 24. Bxf5 cxb4 25. Nxe6 Bc5+ 26. Be3 Rxe6 27. Bxe6 Re8
28. f5 Kb8 29. Bxc5 Nxc5 30. axb4 1-0

[Event "Bad Woerishofen op"]
[Site "Bad Woerishofen"]
[Date "2000.??.??"]
[Round "9"]
[White "Wunderer, Eckart"]
[Black "Kraft, Hans"]
[Result "0-1"]
[WhiteElo "2106"]
[BlackElo "2044"]
[Annotator "ChessOrg"]
[PlyCount "112"]
[EventDate "1998.03.05"]
[Source "ChessBase"]
[SourceDate "1998.04.29"]

1. d4 Nf6 2. Nf3 g6 3. Nc3 c5 4. dxc5 Qa5 5. Bd2 Qxc5 6. e4 d6 7. Bd3 Bg7 8.
O-O O-O 9. h3 Be6 10. Qe2 Nc6 11. Rab1 h6 12. a3 Qh5 13. b4 Rac8 14. Qe3 b6 15.
Ne2 Ne5 16. Nxe5 dxe5 17. Ng3 Qh4 18. f4 exf4 19. Rxf4 Qg5 20. Qf2 Qe5 21. Kh1
Rfd8 22. Rf3 Ba2 23. Re1 Qe6 24. Bc1 Nd7 25. Ba6 Rc7 26. Bf4 Ne5 27. Bxe5 Bxe5
28. Bd3 Rc3 29. a4 Rc7 30. Rf1 Rf8 31. Qd2 Bg7 32. Qf4 Qe5 33. Qd2 Be6 34. Re1
Qc3 35. Qxc3 Bxc3 36. Rb1 Ba2 37. Rbf1 Bxb4 38. e5 e6 39. Be4 Bc4 40. Rd1 Bc5
41. Bd3 Bd5 42. Be4 Bxe4 43. Nxe4 Be7 44. c3 Rc4 45. Nd6 Bxd6 46. exd6 Rd8 47.
d7 Rc7 48. Rfd3 Kf8 49. a5 bxa5 50. Ra1 Rc5 51. Kg1 Ke7 52. Rad1 Rc7 53. Ra1
Rdxd7 54. Rxd7+ Kxd7 55. Rxa5 Rxc3 56. Rxa7+ Rc7 0-1

[Event "Bad Woerishofen op"]
[Site "?"]
[Date "2000.??.??"]
[Round "1"]
[White "Ziebarth, Lothar"]
[Black "Limberg, Siegfried"]
[Result "0-1"]
[WhiteElo "1692"]
[BlackElo "1980"]
[Annotator "ChessOrg"]
[PlyCount "84"]
[EventDate "2000.??.??"]
[Source "ChessBase"]
[SourceDate "1998.04.29"]

1. Nf3 d5 2. d4 Nf6 3. Bg5 e6 4. e3 c6 5. Nbd2 Nbd7 6. Be2 Qb6 7. Qc1 Bd6 8.
O-O O-O 9. c4 Bb8 10. cxd5 exd5 11. Qc2 h6 12. Bh4 Re8 13. Qc3 Qc7 14. Bg3 Qd8
15. Bxb8 Rxb8 16. Bd3 Ne4 17. Qc2 f5 18. h3 Qf6 19. Kh2 Kh8 20. Ng1 Nxd2 21.
Qxd2 f4 22. Rae1 Rf8 23. Bc2 fxe3 24. Rxe3 Qd6+ 25. Kh1 Nf6 26. Rfe1 Bd7 27.
Nf3 Kg8 28. Ne5 Be8 29. Ng6 Bxg6 30. Bxg6 Qf4 31. Qe2 Qxd4 32. Re7 Ne4 33. Bxe4
dxe4 34. Qg4 Rxf2 35. R7xe4 Qxb2 36. Re8+ Rf8 37. Qe6+ Kh8 38. Re2 Qc1+ 39. Re1
Rbxe8 40. Qxe8 Rxe8 41. Rxc1 Kg8 42. Rc2 Re5 0-1

[Event "Bad Woerishofen op"]
[Site "?"]
[Date "2000.??.??"]
[Round "3"]
[White "Ziebarth, Lothar"]
[Black "Gestrich, Wolfgang"]
[Result "1/2-1/2"]
[WhiteElo "1692"]
[BlackElo "1543"]
[Annotator "ChessOrg"]
[PlyCount "50"]
[EventDate "2000.??.??"]
[Source "ChessBase"]
[SourceDate "1998.04.29"]

1. Nf3 Nf6 2. d4 d6 3. Nc3 c6 4. e4 Bg4 5. Be2 Nbd7 6. O-O Qc7 7. h3 Bh5 8. Bf4
e5 9. dxe5 dxe5 10. Bd2 Bg6 11. Bd3 h6 12. Qe2 Bd6 13. Nh4 Bh7 14. Nf5 Bxf5 15.
exf5 O-O-O 16. Ne4 Nxe4 17. Bxe4 f6 18. a4 Nc5 19. b4 Nxe4 20. Qxe4 Be7 21. Qe3
Qb6 22. Qc3 Qd4 23. Rfd1 Qxc3 24. Bxc3 Rxd1+ 25. Rxd1 Rd8 1/2-1/2

[Event "Bad Woerishofen op"]
[Site "?"]
[Date "2000.??.??"]
[Round "5"]
[White "Ziebarth, Lothar"]
[Black "Antusch, Ingrid"]
[Result "1-0"]
[WhiteElo "1692"]
[BlackElo "1550"]
[Annotator "ChessOrg"]
[PlyCount "47"]
[EventDate "2000.??.??"]
[Source "ChessBase"]
[SourceDate "1998.04.29"]

1. Nf3 d5 2. d4 e6 3. Bf4 Bd6 4. Qd2 Nf6 5. Nc3 a6 6. Bxd6 Qxd6 7. e3 Nbd7 8.
Bd3 O-O 9. O-O c5 10. b3 b5 11. e4 cxd4 12. Nxd4 Ng4 13. g3 e5 14. Nf5 Qc5 15.
Nxd5 Ndf6 16. Nde7+ Kh8 17. Nxc8 Raxc8 18. h3 g6 19. hxg4 gxf5 20. gxf5 Rg8 21.
Kg2 Rcd8 22. Rh1 Nxe4 23. Rxh7+ Kxh7 24. Rh1+ 1-0

[Event "Bad Woerishofen op"]
[Site "?"]
[Date "2000.??.??"]
[Round "7"]
[White "Ziebarth, Lothar"]
[Black "Scheib, Ernst"]
[Result "1-0"]
[WhiteElo "1692"]
[BlackElo "1500"]
[Annotator "ChessOrg"]
[PlyCount "63"]
[EventDate "2000.??.??"]
[Source "ChessBase"]
[SourceDate "1998.04.29"]

1. Nf3 d5 2. d4 Nf6 3. e3 e6 4. b3 b6 5. Bb2 Bb7 6. Nbd2 Nbd7 7. Be2 Be7 8. O-O
O-O 9. c4 c5 10. dxc5 bxc5 11. Qc2 h6 12. Rad1 Qc7 13. cxd5 exd5 14. Nd4 Ne4
15. Nf5 Bf6 16. Bf3 Bxb2 17. Qxb2 f6 18. Qc2 Ne5 19. Bxe4 dxe4 20. Nxe4 Rac8
21. Ned6 Rb8 22. e4 Ba6 23. Rfe1 Kh7 24. f4 Ng6 25. Qf2 Rb4 26. Rc1 c4 27. Nxc4
Bxc4 28. Rxc4 Rxc4 29. bxc4 Nxf4 30. Qf1 Ne6 31. Ne3 Rc8 32. Qf5+ 1-0

[Event "Bad Woerishofen op"]
[Site "?"]
[Date "2000.??.??"]
[Round "2"]
[White "Ziegler, Heinz"]
[Black "Ziebarth, Lothar"]
[Result "1-0"]
[WhiteElo "1500"]
[BlackElo "1692"]
[Annotator "ChessOrg"]
[PlyCount "121"]
[EventDate "2000.??.??"]
[Source "ChessBase"]
[SourceDate "1998.04.29"]

1. d4 d5 2. Nf3 Nf6 3. Bf4 Bg4 4. Nbd2 e6 5. e3 Nbd7 6. Be2 c5 7. dxc5 Bxc5 8.
c3 O-O 9. Bg5 h6 10. Bh4 Qb6 11. Qb3 Rac8 12. Qxb6 Bxb6 13. Nd4 e5 14. Bxg4
Nxg4 15. N4b3 Rfe8 16. O-O g5 17. Bg3 f5 18. h3 Ngf6 19. Rfe1 f4 20. exf4 exf4
21. Bh2 Ne4 22. Nxe4 dxe4 23. Kf1 e3 24. fxe3 fxe3 25. Ke2 Ne5 26. Bxe5 Rxe5
27. Rf1 Kg7 28. Rad1 Rd8 29. Rxd8 Bxd8 30. g4 Bb6 31. Rf3 Re4 32. Nc1 Rf4 33.
Nd3 Rxf3 34. Kxf3 Kf6 35. c4 Bd4 36. b4 Ke6 37. Ke4 Bg7 38. Kxe3 Kd6 39. Ke4 b6
40. a4 Ke6 41. b5 Bf8 42. Ne1 Kd6 43. Nd3 Ke6 44. Ke3 Bd6 45. Kd4 Bc7 46. c5
bxc5+ 47. Nxc5+ Kd6 48. Nd3 Bb6+ 49. Kc4 Ba5 50. Kd4 Bb6+ 51. Ke4 Ke6 52. Ne5
Bc7 53. Nc6 Bb6 54. a5 Bg1 55. Nd4+ Kd6 56. b6 axb6 57. axb6 Bh2 58. Nf5+ Kc6
59. Nxh6 Kxb6 60. Nf7 Bf4 61. Kf5 1-0

[Event "Bad Woerishofen op"]
[Site "?"]
[Date "2000.??.??"]
[Round "4"]
[White "Ziegler, Heinz"]
[Black "Harke, Horst"]
[Result "0-1"]
[WhiteElo "1500"]
[BlackElo "1726"]
[Annotator "ChessOrg"]
[PlyCount "227"]
[EventDate "2000.??.??"]
[Source "ChessBase"]
[SourceDate "1998.04.29"]

1. d4 d5 2. Nf3 Nf6 3. Bf4 e6 4. e3 Be7 5. Nbd2 O-O 6. Bd3 Nc6 7. c3 Bd6 8. Bg5
e5 9. dxe5 Bxe5 10. Nb3 Bg4 11. Be2 Bxf3 12. Bxf3 Ne7 13. O-O Qd6 14. h3 Rad8
15. Qc2 h6 16. Bxf6 Qxf6 17. Rad1 c6 18. Rd2 Bc7 19. Rfd1 Ng6 20. Nc5 Qd6 21.
Nxb7 Qh2+ 22. Kf1 Rde8 23. g3 Qxh3+ 24. Bg2 Qc8 25. Nc5 Re5 26. Qa4 Bb6 27. Nd3
Rg5 28. Nf4 Nxf4 29. Qxf4 Qa6+ 30. Kg1 Qxa2 31. Qb4 Qa5 32. Qxa5 Bxa5 33. b4
Bb6 34. Rc2 Rg4 35. Bh3 Rg6 36. Bf5 Rf6 37. Bh3 h5 38. Bg2 Rc8 39. c4 dxc4 40.
Rxc4 c5 41. bxc5 Rxc5 42. Rxc5 Bxc5 43. Rd8+ Kh7 44. Ra8 g6 45. Bf1 Rc6 46. Kg2
Rf6 47. Bd3 Kg7 48. Bc4 Rc6 49. Be2 Rc7 50. Ba6 Bb6 51. Rc8 Re7 52. Rc2 Re5 53.
Ra2 Rc5 54. Kf3 g5 55. Kg2 f6 56. Kf3 Rc3 57. Ke4 Kg6 58. Kf3 Rc1 59. Kg2 g4
60. Kh2 Rc5 61. Kg2 Kg5 62. Kh2 h4 63. gxh4+ Kxh4 64. Kg2 Rc1 65. Be2 Re1 66.
Bd3 Kg5 67. Ba6 Rc1 68. Kh2 Rc3 69. Kg2 Rc7 70. Kg3 Rh7 71. Kg2 Rh3 72. Bb7 Rh7
73. Ba6 Rh6 74. Be2 f5 75. Ba6 Kh4 76. Bc8 Rf6 77. Ra4 Kg5 78. Ba6 Rc6 79. Ra2
Rc5 80. Kg1 g3 81. Kg2 gxf2 82. Kxf2 Rc3 83. Re2 f4 84. Kf3 Bxe3 85. Ke4 Kh4
86. Bb5 Kg3 87. Bd3 Rc7 88. Ba6 Re7+ 89. Kd3 Kf3 90. Rh2 Rd7+ 91. Kc3 Kg3 92.
Re2 Bf2 93. Re6 Be3 94. Be2 Kf2 95. Bg4 Rd8 96. Bh5 Rd5 97. Bg4 Rg5 98. Bd1 Rd5
99. Bg4 a5 100. Ra6 f3 101. Re6 Kg3 102. Rg6 Kf2 103. Kc4 Rd4+ 104. Kc3 Rd8
105. Kb3 Rd4 106. Bh5 a4+ 107. Ka2 Rf4 108. Rc6 Ke1 109. Bxf3 Rxf3 110. Rc8 Kd2
111. Ra8 Rf2 112. Ka1 Kc3 113. Rb8 a3 114. Kb1 0-1

[Event "Bad Woerishofen op"]
[Site "?"]
[Date "2000.??.??"]
[Round "7"]
[White "Ziegler, Heinz"]
[Black "Block, Herbert"]
[Result "1-0"]
[WhiteElo "1500"]
[BlackElo "1616"]
[Annotator "ChessOrg"]
[PlyCount "102"]
[EventDate "2000.??.??"]
[Source "ChessBase"]
[SourceDate "1998.04.29"]

1. d4 d5 2. Bf4 e6 3. Nf3 Nf6 4. e3 a6 5. Bd3 c5 6. dxc5 Bxc5 7. c3 O-O 8. Qc2
g6 9. h4 Nh5 10. Bh6 Ng7 11. h5 Bd6 12. hxg6 fxg6 13. Ng5 Nf5 14. Bxf8 Qxg5 15.
Bxd6 Qxg2 16. Rh2 Qg1+ 17. Ke2 Qg4+ 18. f3 Qg1 19. Bxb8 Rxb8 20. Bxf5 exf5 21.
Rf2 Bd7 22. b3 Rc8 23. Rf1 Qh2+ 24. Kd1 Bb5 25. Rf2 Qe5 26. Qd2 Re8 27. Na3 Bc6
28. Nc2 g5 29. Kc1 h6 30. Kb2 a5 31. f4 Qe4 32. fxg5 hxg5 33. Raf1 Rf8 34. Nd4
Bd7 35. Rg1 g4 36. Rf4 Qe5 37. Nf3 Qf6 38. Qd4 Qxd4 39. Nxd4 Kh7 40. Kc2 Kg6
41. Kd2 Rh8 42. Rf2 Kg5 43. Nf3+ Kf6 44. Ne1 Rh3 45. Rxg4 Rh1 46. Rgg2 Bc6 47.
Rh2 Rg1 48. Rhg2 Rxg2 49. Nxg2 Ke5 50. Nf4 a4 51. b4 Ke4 1-0

[Event "Bad Woerishofen op"]
[Site "?"]
[Date "2000.??.??"]
[Round "8"]
[White "Ziegler, Heinz"]
[Black "Schneider, Miloca"]
[Result "1/2-1/2"]
[WhiteElo "1500"]
[BlackElo "1780"]
[Annotator "ChessOrg"]
[PlyCount "33"]
[EventDate "2000.??.??"]
[Source "ChessBase"]
[SourceDate "1998.04.29"]

1. d4 d6 2. Bf4 f5 3. Nf3 g6 4. c3 Nf6 5. e3 c6 6. Bd3 Bg7 7. Nbd2 O-O 8. Ng5
h6 9. Qb3+ d5 10. Ngf3 Kh7 11. h3 a5 12. a4 Ne4 13. g4 g5 14. Bxb8 Rxb8 15.
gxf5 Bxf5 16. Qc2 Nxd2 17. Bxf5+ 1/2-1/2

[Event "Bad Woerishofen op"]
[Site "?"]
[Date "2000.??.??"]
[Round "1"]
[White "Ziltener, Werner"]
[Black "Hoeppner, Hans"]
[Result "1-0"]
[WhiteElo "1984"]
[BlackElo "1694"]
[Annotator "ChessOrg"]
[PlyCount "41"]
[EventDate "2000.??.??"]
[Source "ChessBase"]
[SourceDate "1998.04.29"]

1. Nf3 e6 2. g3 b6 3. Bg2 Bb7 4. O-O Nc6 5. e4 Be7 6. e5 a5 7. d4 Ra7 8. c4 Ba6
9. Qa4 Qb8 10. Nc3 Nb4 11. a3 Nd3 12. Rd1 Nxc1 13. Raxc1 c6 14. d5 b5 15. cxb5
cxb5 16. Qg4 g6 17. dxe6 dxe6 18. Nd4 h5 19. Qf4 g5 20. Bc6+ Kf8 21. Nxe6# 1-0

[Event "Bad Woerishofen op"]
[Site "?"]
[Date "2000.??.??"]
[Round "3"]
[White "Ziltener, Werner"]
[Black "Wieprecht, Gerhard"]
[Result "1/2-1/2"]
[WhiteElo "1984"]
[BlackElo "1855"]
[Annotator "ChessOrg"]
[PlyCount "104"]
[EventDate "2000.??.??"]
[Source "ChessBase"]
[SourceDate "1998.04.29"]

1. Nf3 Nf6 2. g3 g6 3. Bg2 Bg7 4. O-O O-O 5. c4 c6 6. Nc3 d5 7. d4 Nbd7 8. Qc2
Re8 9. Rd1 Nf8 10. Ne5 dxc4 11. Nxc4 Be6 12. Ne5 Rc8 13. e4 Ng4 14. Nf3 Nf6 15.
h3 Qb6 16. Be3 Qc7 17. Rac1 Nh5 18. Ng5 h6 19. Nxe6 Nxe6 20. Qb3 Red8 21. d5
Nf8 22. Bxa7 Rd7 23. Bb6 Qb8 24. dxc6 Rxc6 25. e5 Bxe5 26. Bxc6 bxc6 27. Rxd7
Nxd7 28. Be3 Qc7 29. Nd5 Qd8 30. Rxc6 Kg7 31. Nf4 Nhf6 32. Nd3 Qa8 33. Rc1 Qf3
34. Nxe5 Nxe5 35. Qc3 Qd5 36. Qc5 Qe4 37. Qc2 Nf3+ 38. Kf1 Nh2+ 39. Ke2 Qf3+
40. Ke1 Ne4 41. Qc6 Qh1+ 42. Ke2 Qf3+ 43. Kd3 Nxf2+ 44. Kd4 Qxg3 45. Bxf2 Qxf2+
46. Kd3 Nf3 47. Qc3+ f6 48. Kc4 Ne5+ 49. Kb3 Qb6+ 50. Kc2 Qf2+ 51. Kb3 Qb6+ 52.
Kc2 Qf2+ 1/2-1/2

[Event "Bad Woerishofen op"]
[Site "?"]
[Date "2000.??.??"]
[Round "5"]
[White "Ziltener, Werner"]
[Black "Neese, Hans-Joachim"]
[Result "0-1"]
[WhiteElo "1984"]
[BlackElo "2150"]
[Annotator "ChessOrg"]
[PlyCount "74"]
[EventDate "2000.??.??"]
[Source "ChessBase"]
[SourceDate "1998.04.29"]

1. Nf3 d5 2. d4 Nf6 3. c4 e6 4. Bg5 Nbd7 5. Nc3 c6 6. cxd5 exd5 7. e3 Qa5 8.
Bxf6 Nxf6 9. Qc2 Bd6 10. h3 Ne4 11. Bd3 f5 12. O-O O-O 13. a3 Qc7 14. Rac1 Qe7
15. Ne2 Bd7 16. Nh2 Rae8 17. Rce1 g5 18. Qc1 Kh8 19. f4 h6 20. Nf3 Rg8 21. Ne5
Be6 22. Kh2 Rg7 23. Bxe4 dxe4 24. Nc3 Reg8 25. Rg1 g4 26. Ref1 Qh4 27. Qe1 Qh5
28. Qe2 Bd5 29. Rc1 b5 30. Qd1 Bxe5 31. Nxd5 Bxd4 32. Qxd4 cxd5 33. Rc7 gxh3
34. g3 Kh7 35. Rxg7+ Rxg7 36. Qd2 Rd7 37. Rc1 Rg7 0-1

[Event "Bad Woerishofen op"]
[Site "?"]
[Date "2000.??.??"]
[Round "7"]
[White "Ziltener, Werner"]
[Black "Nowotny, Heinz"]
[Result "1-0"]
[WhiteElo "1984"]
[BlackElo "2255"]
[Annotator "ChessOrg"]
[PlyCount "109"]
[EventDate "2000.??.??"]
[Source "ChessBase"]
[SourceDate "1998.04.29"]

1. Nf3 Nf6 2. g3 d5 3. Bg2 Bf5 4. O-O c6 5. d3 e6 6. Nbd2 Be7 7. Qe1 h6 8. e4
dxe4 9. dxe4 Bh7 10. e5 Nd5 11. Ne4 O-O 12. a3 Qc7 13. c4 Nb6 14. Qe2 N8d7 15.
Bf4 Bxe4 16. Qxe4 Nc5 17. Qc2 Rad8 18. Rad1 Rxd1 19. Rxd1 Rd8 20. b4 Rxd1+ 21.
Qxd1 Ncd7 22. Qe2 Nf8 23. h4 Ng6 24. Bc1 Bf8 25. h5 Ne7 26. g4 Qd7 27. Bb2 Na4
28. Ba1 a6 29. Qd2 Qxd2 30. Nxd2 g6 31. hxg6 Nxg6 32. Ne4 Nf4 33. Bf3 Nh3+ 34.
Kf1 Ng5 35. Nf6+ Kg7 36. Bg2 Nb6 37. Ne8+ Kg8 38. Nd6 Bxd6 39. exd6 Nd7 40. a4
f6 41. f4 Nf7 42. c5 Nd8 43. Bd4 Kf7 44. Be4 e5 45. Bf5 exd4 46. Bxd7 Ne6 47.
Bxe6+ Kxe6 48. f5+ Kd7 49. Ke2 b6 50. Kd3 a5 51. bxa5 bxc5 52. a6 Kxd6 53. a7
Kd5 54. a8=Q c4+ 55. Kd2 1-0

[Event "Bad Woerishofen op"]
[Site "?"]
[Date "2000.??.??"]
[Round "1"]
[White "Zoltek, Tadeusz"]
[Black "von Hoesslin, Holger"]
[Result "1/2-1/2"]
[WhiteElo "2289"]
[BlackElo "1800"]
[Annotator "ChessOrg"]
[PlyCount "120"]
[EventDate "2000.??.??"]
[Source "ChessBase"]
[SourceDate "1998.04.29"]

1. Nf3 Nf6 2. c4 g6 3. g3 Bg7 4. Bg2 O-O 5. O-O d6 6. Nc3 a6 7. d3 c5 8. Bd2
Nbd7 9. a3 Rb8 10. Qc1 Re8 11. Bh6 b5 12. Bxg7 Kxg7 13. cxb5 axb5 14. Ng5 h6
15. Nf3 b4 16. axb4 Rxb4 17. Qd2 Bb7 18. Ra2 Qc7 19. Rfa1 Bc6 20. Ra7 Rb7 21.
R7a6 Reb8 22. Nd1 d5 23. d4 Ne4 24. Qc2 c4 25. Nd2 f5 26. f3 Nef6 27. e4 fxe4
28. fxe4 e6 29. e5 Ng4 30. h3 Ngxe5 31. dxe5 Nxe5 32. Qc3 Kh7 33. Nf3 Nxf3+ 34.
Qxf3 Rb3 35. Rxc6 Qxc6 36. Qf7+ Kh8 37. Qf6+ Kh7 38. Qf7+ Kh8 39. Qxg6 R8b7 40.
Ra8+ Rb8 41. Qxh6+ Kg8 42. Qg6+ Kf8 43. Qf6+ Kg8 44. Qg5+ Kh7 45. Rxb8 Rxb8 46.
Qh5+ Kg8 47. Qg6+ Kh8 48. Qf6+ Kg8 49. Bf3 Qd6 50. Qg5+ Kh8 51. Ne3 Rb7 52.
Qf6+ Rg7 53. Nf5 Qc5+ 54. Nd4 Qd6 55. Nxe6 Qxg3+ 56. Kf1 Qxh3+ 57. Ke2 Qh2+ 58.
Kd1 Qg1+ 59. Kd2 Qf2+ 60. Kc3 Qe1+ 1/2-1/2

[Event "Bad Woerishofen op"]
[Site "?"]
[Date "2000.??.??"]
[Round "3"]
[White "Zoltek, Tadeusz"]
[Black "Margraf, Achim"]
[Result "1-0"]
[WhiteElo "2289"]
[BlackElo "1883"]
[Annotator "ChessOrg"]
[PlyCount "87"]
[EventDate "2000.??.??"]
[Source "ChessBase"]
[SourceDate "1998.04.29"]

1. c4 Nf6 2. Nf3 b6 3. g3 Bb7 4. Bg2 c5 5. O-O e6 6. b3 Be7 7. Bb2 O-O 8. d4
cxd4 9. Qxd4 Nc6 10. Qf4 d5 11. Ne5 Nb4 12. a3 Na6 13. b4 Rb8 14. Rd1 Nc7 15.
Nc3 Bd6 16. Qd4 Qe7 17. cxd5 exd5 18. Nf3 Ne6 19. Qh4 Rbd8 20. Nb5 Bb8 21. Bxf6
Qxf6 22. Qxf6 gxf6 23. Nbd4 Be5 24. Rac1 Rc8 25. Rxc8 Rxc8 26. Nf5 Rc3 27. Nxe5
fxe5 28. Bxd5 Ba6 29. Bf3 Rxa3 30. Rd7 Bc4 31. Bh5 Bb5 32. Rxf7 Ra1+ 33. Kg2
Bxe2 34. Ne7+ Kh8 35. Bxe2 a5 36. bxa5 bxa5 37. Nf5 h6 38. Re7 Nd4 39. Rxe5
Nxe2 40. Rxe2 a4 41. Re7 a3 42. Ra7 a2 43. Ne3 h5 44. Nc2 1-0

[Event "Bad Woerishofen op"]
[Site "?"]
[Date "2000.??.??"]
[Round "5"]
[White "Zoltek, Tadeusz"]
[Black "Servaty, Rudolf"]
[Result "1-0"]
[WhiteElo "2289"]
[BlackElo "2274"]
[Annotator "ChessOrg"]
[PlyCount "97"]
[EventDate "2000.??.??"]
[Source "ChessBase"]
[SourceDate "1998.04.29"]

1. c4 c5 2. Nf3 Nc6 3. g3 g6 4. Bg2 Bg7 5. O-O e6 6. Nc3 Nge7 7. a3 O-O 8. Rb1
a5 9. Nb5 d6 10. d4 cxd4 11. Nfxd4 a4 12. Nxc6 bxc6 13. Nxd6 Qa5 14. Bd2 Qc7
15. Nxc8 Rfxc8 16. Qc2 Rcb8 17. b4 axb3 18. Rxb3 Rxb3 19. Qxb3 Rb8 20. Qd3 Rd8
21. Qc2 Qd6 22. Bb4 c5 23. Bc3 Nc6 24. Bxg7 Kxg7 25. Bxc6 Qxc6 26. a4 h5 27. h4
e5 28. Rd1 Ra8 29. Ra1 Qf6 30. Qe4 Rd8 31. a5 Rd4 32. Qf3 Qa6 33. Qc3 f6 34.
Rc1 e4 35. e3 Rd3 36. Qb2 Qe6 37. Qb7+ Rd7 38. Qb6 Qg4 39. Qxc5 g5 40. hxg5
fxg5 41. Qe5+ Kg6 42. Rb1 h4 43. a6 Rd1+ 44. Rxd1 Qxd1+ 45. Kh2 Qf3 46. Qe6+
Kg7 47. Qd7+ Kg6 48. Kg1 hxg3 49. Qd6+ 1-0

[Event "Bad Woerishofen op"]
[Site "?"]
[Date "2000.??.??"]
[Round "7"]
[White "Zoltek, Tadeusz"]
[Black "Kraft, Hans"]
[Result "1/2-1/2"]
[WhiteElo "2289"]
[BlackElo "2044"]
[Annotator "ChessOrg"]
[PlyCount "44"]
[EventDate "2000.??.??"]
[Source "ChessBase"]
[SourceDate "1998.04.29"]

1. c4 c5 2. Nf3 Nc6 3. d4 cxd4 4. Nxd4 g6 5. e4 Bg7 6. Be3 Nf6 7. Nc3 Ng4 8.
Qxg4 Nxd4 9. Qd1 Ne6 10. Qd2 Qa5 11. Rc1 b6 12. Be2 Bb7 13. f3 g5 14. b3 Qe5
15. Nd5 Rc8 16. Rd1 d6 17. O-O h5 18. g3 h4 19. f4 gxf4 20. gxf4 Qb2 21. f5
Bxd5 22. Qxb2 Bxb2 1/2-1/2

[Event "Bad Woerishofen op"]
[Site "?"]
[Date "2000.??.??"]
[Round "9"]
[White "Zoltek, Tadeusz"]
[Black "Neese, Hans-Joachim"]
[Result "1-0"]
[WhiteElo "2289"]
[BlackElo "2150"]
[Annotator "ChessOrg"]
[PlyCount "156"]
[EventDate "2000.??.??"]
[Source "ChessBase"]
[SourceDate "1998.04.29"]

1. Nf3 Nf6 2. c4 e6 3. Nc3 d5 4. d4 Nbd7 5. cxd5 exd5 6. Bg5 c6 7. e3 Qa5 8.
Qd2 Bb4 9. Bxf6 Nxf6 10. Rc1 Ne4 11. Qc2 Qxa2 12. Bd3 Nxc3 13. O-O Qa4 14. bxc3
Qxc2 15. Rxc2 Bd6 16. e4 dxe4 17. Bxe4 h6 18. c4 O-O 19. c5 Bc7 20. h3 Re8 21.
Bd3 Be6 22. Rb1 Reb8 23. Rcb2 b6 24. cxb6 Rxb6 25. Be4 Bd5 26. Bxd5 cxd5 27.
Rxb6 Bxb6 28. Rb5 Rd8 29. Kf1 Kf8 30. Ke2 Ke7 31. Kd3 Ke6 32. Rb1 f6 33. Nh4
Rd7 34. g4 Kf7 35. Nf5 g6 36. Ne3 Ke6 37. Ng2 Kd6 38. Nf4 g5 39. Nh5 Bd8 40.
Ng3 a5 41. Rc1 Rc7 42. Nf5+ Kd7 43. Rb1 Ra7 44. Rb5 Ke6 45. Rb8 Bc7 46. Re8+
Kd7 47. Rh8 a4 48. Rh7+ Kd8 49. Rh8+ Kd7 50. Rh7+ Kd8 51. Ne7 Rb7 52. Nxd5 Rb3+
53. Kc4 Bb8 54. Rxh6 Rb2 55. Rxf6 a3 56. Ra6 a2 57. Nb4 Rxf2 58. Rxa2 Rf3 59.
Ra8 Kc7 60. Na6+ Kb7 61. Rxb8+ Kxa6 62. Rg8 Rxh3 63. Rxg5 Kb6 64. Rg6+ Kc7 65.
Kd5 Ra3 66. Rg7+ Kd8 67. Ke5 Ke8 68. d5 Re3+ 69. Kd6 Rg3 70. Rg5 Kf7 71. Rf5+
Kg6 72. Rf4 Kg5 73. Re4 Kf6 74. Kd7 Ra3 75. d6 Ra7+ 76. Kc6 Ra6+ 77. Kc7 Ra7+
78. Kb6 Ra1 1-0

[Event "Bad Woerishofen op"]
[Site "?"]
[Date "2000.??.??"]
[Round "1"]
[White "Zunker, Reinhard"]
[Black "Josting, Friedel"]
[Result "1-0"]
[WhiteElo "2226"]
[BlackElo "1790"]
[Annotator "ChessOrg"]
[PlyCount "107"]
[EventDate "2000.??.??"]
[Source "ChessBase"]
[SourceDate "1998.04.29"]

1. e4 c5 2. Nf3 e6 3. Nc3 a6 4. a4 Nc6 5. Bc4 d6 6. O-O Be7 7. d3 Nf6 8. Ba2
O-O 9. h3 Nb4 10. Bb1 d5 11. e5 Nd7 12. Re1 b6 13. Ne2 d4 14. c3 dxc3 15. bxc3
Nd5 16. d4 cxd4 17. Qd3 g6 18. cxd4 Bb7 19. Bh6 Re8 20. Ng3 Rc8 21. Ne4 Nb4 22.
Qd2 Bxe4 23. Bxe4 Nd5 24. Bxd5 exd5 25. Ng5 Bf8 26. e6 fxe6 27. Nxe6 Qf6 28.
Nxf8 Nxf8 29. Bg5 Qf5 30. Rxe8 Rxe8 31. Be3 Qd7 32. Qb4 Rb8 33. Bf4 Rb7 34. Rc1
b5 35. a5 Ne6 36. Be5 Nd8 37. Qc5 b4 38. Rb1 Rb5 39. Qc1 Nc6 40. Qg5 Rxa5 41.
Qf6 Nxe5 42. dxe5 Rb5 43. Qxa6 b3 44. e6 Qe8 45. Qd6 d4 46. e7 Rb8 47. Re1 d3
48. Qxb8 Qxb8 49. e8=Q+ Qxe8 50. Rxe8+ Kf7 51. Re1 Kf6 52. Rb1 d2 53. Kf1 Ke5
54. Ke2 1-0

[Event "Bad Woerishofen op"]
[Site "?"]
[Date "2000.??.??"]
[Round "3"]
[White "Zunker, Reinhard"]
[Black "Reinke, Kurt"]
[Result "1-0"]
[WhiteElo "2226"]
[BlackElo "1786"]
[Annotator "ChessOrg"]
[PlyCount "61"]
[EventDate "2000.??.??"]
[Source "ChessBase"]
[SourceDate "1998.04.29"]

1. e4 c5 2. Nf3 d6 3. d4 cxd4 4. Nxd4 Nf6 5. Nc3 a6 6. Be2 e5 7. Nb3 Be7 8. g4
h6 9. Be3 b5 10. Nd5 Nbd7 11. Nxe7 Kxe7 12. f3 Qc7 13. Qd2 Bb7 14. Na5 Nc5 15.
O-O-O Rhd8 16. Qc3 Rdb8 17. Rxd6 Kxd6 18. Bxc5+ Qxc5 19. Rd1+ Bd5 20. Qd2 Ke6
21. exd5+ Nxd5 22. Bd3 Qe3 23. Be4 Qxd2+ 24. Rxd2 Rd8 25. Nb7 Rac8 26. Bf5+ Kf6
27. Bxc8 Rxc8 28. Rxd5 Rc7 29. Nc5 Rc6 30. b4 g5 31. Kd2 1-0

[Event "Bad Woerishofen op"]
[Site "?"]
[Date "2000.??.??"]
[Round "5"]
[White "Zunker, Reinhard"]
[Black "Hoffmann, Reinhold"]
[Result "0-1"]
[WhiteElo "2226"]
[BlackElo "1860"]
[Annotator "ChessOrg"]
[PlyCount "56"]
[EventDate "2000.??.??"]
[Source "ChessBase"]
[SourceDate "1998.04.29"]

1. e4 e5 2. Nf3 Nc6 3. Bb5 a6 4. Ba4 Nf6 5. d3 b5 6. Bb3 d6 7. c3 Be7 8. Nbd2
Na5 9. Bc2 Bb7 10. Nf1 g6 11. Ng3 h5 12. h4 Bc8 13. Ng5 c5 14. b4 cxb4 15. cxb4
Nc6 16. a3 Nd4 17. Bb3 Nxb3 18. Qxb3 O-O 19. Ne2 Nh7 20. Nxh7 Kxh7 21. g3 Be6
22. Qb2 Bf6 23. f3 d5 24. Be3 dxe4 25. dxe4 Bg7 26. Rd1 Qf6 27. Bg5 Qxf3 28.
Rf1 Qxe4 0-1